| 000 | 00383cam a2200157ua 4500 | ||
|---|---|---|---|
| 041 |
_aeng _h |
||
| 082 |
_a828.09 _bMAR/WO |
||
| 100 | _aMartin, L C . | ||
| 245 |
_aWorks of Henry vaugham / _cL C Martin. _hTextual Documents |
||
| 250 |
_a2 / _b. |
||
| 260 |
_aLondon : _bOxford University Press , _c1963. |
||
| 300 | _a770 ; . | ||
| 504 | _a | ||
| 942 | _cBK | ||
| 999 |
_c8600 _d8600 |
||